<?xml version="1.0" encoding="UTF-8"?>
<record
    xmlns:xsi="http://www.w3.org/2001/XMLSchema-instance"
    xsi:schemaLocation="http://www.loc.gov/MARC21/slim http://www.loc.gov/standards/marcxml/schema/MARC21slim.xsd"
    xmlns="http://www.loc.gov/MARC21/slim">

  <leader>01439nam a2200241 a 4500</leader>
  <controlfield tag="001">000030710</controlfield>
  <controlfield tag="005">20200930062450.0</controlfield>
  <controlfield tag="008">150130s2002    dr ac         000 0 spa d</controlfield>
  <datafield tag="040" ind1=" " ind2=" ">
    <subfield code="a">DO-SdBNP</subfield>
    <subfield code="b">spa</subfield>
    <subfield code="c">BNPHU</subfield>
  </datafield>
  <datafield tag="082" ind1=" " ind2=" ">
    <subfield code="a">xxxx</subfield>
    <subfield code="b">xxxx</subfield>
  </datafield>
  <datafield tag="100" ind1="1" ind2=" ">
    <subfield code="a">Tapia de Destro, Leandra</subfield>
    <subfield code="9">57287</subfield>
  </datafield>
  <datafield tag="245" ind1="1" ind2="0">
    <subfield code="a">Matem&#xE1;tica :</subfield>
    <subfield code="b">educaci&#xF3;n media /</subfield>
    <subfield code="c">Leandra Tapia de Destro, F&#xE9;lix Lara Angeles, corides P&#xE9;rez P&#xE9;rez ; ilustraciones Omar Ure&#xF1;a, Trina Mart&#xED;nez de Barranco, Giovanni Destro.</subfield>
  </datafield>
  <datafield tag="260" ind1=" " ind2=" ">
    <subfield code="a">Santo Domingo :</subfield>
    <subfield code="b">Secretar&#xED;a de Estado de Educaci&#xF3;n,</subfield>
    <subfield code="c">2002</subfield>
    <subfield code="f">Alfa &amp; Omega</subfield>
  </datafield>
  <datafield tag="300" ind1=" " ind2=" ">
    <subfield code="a">4 v. :</subfield>
    <subfield code="b">il., retrs. ;</subfield>
    <subfield code="c">28 cm.</subfield>
  </datafield>
  <datafield tag="500" ind1=" " ind2=" ">
    <subfield code="a">educaci&#xF3;n media.</subfield>
  </datafield>
  <datafield tag="500" ind1=" " ind2=" ">
    <subfield code="a">La biblioteca solamente posee el volumen 2.</subfield>
  </datafield>
  <datafield tag="505" ind1="1" ind2=" ">
    <subfield code="a">v. 2 :</subfield>
    <subfield code="g">2do. grado, 1er. ciclo --</subfield>
    <subfield code="g">primer semestre --</subfield>
    <subfield code="g">unidad 1 --</subfield>
    <subfield code="t">En el mundo de los datos --</subfield>
    <subfield code="g">unidad 2 --</subfield>
    <subfield code="t">Formas, l&#xF3;gica y pensamiento --</subfield>
    <subfield code="g">unidad 3 --</subfield>
    <subfield code="t">A partir de las paralelas --</subfield>
    <subfield code="g">unidad 4 --</subfield>
    <subfield code="t">Modelos lineales --</subfield>
    <subfield code="g">unidad 5 --</subfield>
    <subfield code="t">Relaciones y tendencias --</subfield>
    <subfield code="g">segundo semestre --</subfield>
    <subfield code="g">unidad 1 --</subfield>
    <subfield code="t">Lo que producen las formas --</subfield>
    <subfield code="g">unidad 2 --</subfield>
    <subfield code="t">Conservando el tama&#xF1;o y la forma --</subfield>
    <subfield code="g">unidad 3 --</subfield>
    <subfield code="t">Descubriendo estructuras --</subfield>
    <subfield code="g">unidad 4 --</subfield>
    <subfield code="t">Sobre cuadril&#xE1;teros --</subfield>
    <subfield code="g">unidad 5 --</subfield>
    <subfield code="t">Modelos cuadr&#xE1;ticos --</subfield>
  </datafield>
  <datafield tag="700" ind1="1" ind2=" ">
    <subfield code="a">Lara Angeles, F&#xE9;lix</subfield>
    <subfield code="9">57288</subfield>
  </datafield>
  <datafield tag="700" ind1="1" ind2=" ">
    <subfield code="a">P&#xE9;rez P&#xE9;rez, Corides</subfield>
    <subfield code="9">57289</subfield>
  </datafield>
  <datafield tag="700" ind1="1" ind2=" ">
    <subfield code="a">Ure&#xF1;a, Omar</subfield>
    <subfield code="e">il.</subfield>
    <subfield code="9">57290</subfield>
  </datafield>
  <datafield tag="700" ind1="1" ind2=" ">
    <subfield code="a">Mart&#xED;nez de Barranco, Trina</subfield>
    <subfield code="e">il.</subfield>
    <subfield code="9">57291</subfield>
  </datafield>
  <datafield tag="700" ind1="1" ind2=" ">
    <subfield code="a">Destro, Giovanni</subfield>
    <subfield code="e">il.</subfield>
    <subfield code="9">57292</subfield>
  </datafield>
  <datafield tag="952" ind1=" " ind2=" ">
    <subfield code="0">0</subfield>
    <subfield code="1">0</subfield>
    <subfield code="7">1</subfield>
    <subfield code="8">PD</subfield>
    <subfield code="a">PD</subfield>
    <subfield code="b">PD</subfield>
    <subfield code="c">HD</subfield>
    <subfield code="d">2011-05-26</subfield>
    <subfield code="i">LF1</subfield>
    <subfield code="l">0</subfield>
    <subfield code="o">xxxx xxxx</subfield>
    <subfield code="p">30710-10</subfield>
    <subfield code="r">2020-06-25</subfield>
    <subfield code="w">2020-06-25</subfield>
    <subfield code="y">LFPD</subfield>
    <subfield code="Z">No se presta</subfield>
  </datafield>
  <datafield tag="952" ind1=" " ind2=" ">
    <subfield code="0">0</subfield>
    <subfield code="1">0</subfield>
    <subfield code="7">-1</subfield>
    <subfield code="8">PD</subfield>
    <subfield code="a">PD</subfield>
    <subfield code="b">PD</subfield>
    <subfield code="c">OI</subfield>
    <subfield code="d">2015-02-12</subfield>
    <subfield code="i">LF1</subfield>
    <subfield code="l">0</subfield>
    <subfield code="o">xxxx xxxx</subfield>
    <subfield code="p">30710-20</subfield>
    <subfield code="r">2020-06-25</subfield>
    <subfield code="w">2020-06-25</subfield>
    <subfield code="y">LFPD</subfield>
    <subfield code="Z">No se presta</subfield>
  </datafield>
  <datafield tag="999" ind1=" " ind2=" ">
    <subfield code="c">30202</subfield>
    <subfield code="d">30202</subfield>
  </datafield>
</record>
